Normal view
MARC view
- المواردالمائية
Entry Topical Term
001 - CONTROL NUMBER
- control field: 13728
003 - CONTROL NUMBER IDENTIFIER
- control field: JO-AjAnu
005 - DATE AND TIME OF LATEST TRANSACTION
- control field: 20230606072508.0
008 - FIXED-LENGTH DATA ELEMENTS
- fixed length control field: 230606|| aca||aabn | a|a d
040 ## - CATALOGING SOURCE
- Original cataloging agency: JO-AjAnu
- Transcribing agency: JO-AjAnu
150 ## - HEADING--TOPICAL TERM
- Topical term or geographic name entry element: المواردالمائية
670 ## - SOURCE DATA FOUND
- Source citation: Work cat.: (JO-AjAnu)7060: جامعة الدول العربية , author 13727, حلقة العمل القومية حول تعزيز البحوث المشتركة في مجال تطوير كفاءة استخدام الموارد المائية في الدول العربية